| 000 | 00942nam a22002297a 4500 | ||
|---|---|---|---|
| 003 | OSt | ||
| 005 | 20250221144408.0 | ||
| 008 | 240403b ||||| |||| 00| 0 eng d | ||
| 040 | _c0 | ||
| 082 | _aDPer 621.381 In821 October 2022 v. 37 n. 10 | ||
| 100 |
_aZhu, Jin. _eauthor. _955774 |
||
| 245 |
_aA bidirectional MVDC solid-state circuit breaker based on mixture device / _cJin Zhu, Qingpeng Zeng, Xu Yang, Mi Zhou, and Tongzhen Wei. |
||
| 260 |
_aNew York ; _bThe Institute of Electrical and Electronics Engineers, Inc., _cOctober 2022. |
||
| 300 |
_avolume 37, pages 11486-11490, _billustration. |
||
| 500 | _aIEEE Transactions on Power Electronics, v. 37, n. 10, pages 11486-11490, October 2022. | ||
| 700 |
_aZhu, Jin. _eauthor. _955774 |
||
| 700 |
_aZeng, Qingpeng. _eauthor. _955775 |
||
| 700 |
_aYang, Xu. _eauthor. _955776 |
||
| 700 |
_aZhou, Mi. _eauthor. _955777 |
||
| 700 |
_aWei, Tongzhen. _eauthor. _955778 |
||
| 942 |
_2ddc _cPER |
||
| 999 |
_c19952 _d19952 |
||